Emprendimiento alrededor del sector de la minería y el petróleo en Colombia (Registro nro. 166425)
[ vista simple ]
| 000 -ENCABEZADO | |
|---|---|
| Número de control [NR] | 01010nam a22002417a 4500 |
| 008 - DE LONGITUD FIJA DE DATOS DE ELEMENTOS - INFORMACIÓN GENERAL | |
| Elementos de longitud fija [NR] | 130821s2013 ck a gr spa |
| 022 ## - NUMERO INTERNACIONAL NORMALIZADO PARA PUBLICACIONES SERIADAS | |
| Número Internacional Normalizado para Publicaciones Seriadas [NR] | 1657-5334 |
| 040 ## - FUENTE DE CATALOGACION [NR] | |
| Agencia de catalogación original [NR] | CO-BoUCM |
| Idioma de catalogación [NR] | spa |
| Quien Cataloga | |
| Quien Clasifica | Aldemar Mondragón |
| 041 00 - CODIGO DE IDIOMA [R] | |
| Código de idioma para texto/pista de sonido o título separado [R] | Español |
| 100 1# - ASIENTO PRINCIPAL--NOMBRE PERSONAL [NR] | |
| Nombre personal [NR] | Perry, Guillermo |
| ID Autoridad | 32945 |
| 245 10 - MENCION DE TITULO [NR] | |
| Título [NR] | Emprendimiento alrededor del sector de la minería y el petróleo en Colombia |
| Mención de responsabilidad, etc. [NR] | Guillermo Perry, Camilo Palacios |
| 260 ## - PUBLICACION, DISTRIBUCION, ETC. (PIE DE IMPRENTA) [R] | |
| Lugar de publicación, distribución, etc. [R] | Bogotá (Colombia) |
| Nombre del editor, distribuidor, etc. [R] | Edicones Uniandes |
| Fecha de publicación, distribución, etc. [R] | 2013 |
| 300 ## - DESCRIPCION FISICA [R] | |
| Extensión [R] | 78 páginas |
| Otros detalles físicos [NR] | ilustraciones, gráficas |
| 490 ## - MENCION DE SERIE [R] | |
| Mención de serie [R] | Documentos CEDE |
| Designación numérica/secuencial del volumen [NR] | 13 |
| 504 ## - NOTA DE BIBLIOGRAFIA, ETC. [R] | |
| Nota de bibliografía, etc. [NR] | Incluye referencias bibliográficas |
| 650 #7 - ASIENTO SECUNDARIO DE MATERIA - TERMINO TEMATICO [R] | |
| Término temático o nombre geográfico como elemento de entrada [NR] | Combustibles |
| Subdivisión general [R] | Aspectos económicos |
| 9 (RLIN) | 37063 |
| 650 #7 - ASIENTO SECUNDARIO DE MATERIA - TERMINO TEMATICO [R] | |
| Término temático o nombre geográfico como elemento de entrada [NR] | Industria del petroleo |
| 9 (RLIN) | 7729 |
| 650 #7 - ASIENTO SECUNDARIO DE MATERIA - TERMINO TEMATICO [R] | |
| Término temático o nombre geográfico como elemento de entrada [NR] | Industria minera |
| 9 (RLIN) | 17469 |
| 690 ## - ASUNTO AGREGADO LOCAL DE ENTRADA - TÉRMINO TEMÁTICO (OCLC, RLIN) | |
| Acceso temático local | Desarrollo económico |
| 710 1# - ASIENTO SECUNDARIO - NOMBRE CORPORATIVO [R] | |
| 9 (RLIN) | 27474 |
| Nombre corporativo o de jurisdicción como elemento de entrada [NR] | Universidad de los Andes (Colombia) |
| Unidad subordinada [R] | Facultad de Economía |
| -- | Centro de Estudios Sobre Desarrollo Económico.CEDE |
| 942 ## - ELEMENTOS DE ENTRADA AGREGADOS (KOHA) | |
| Tipo de ítem principal el descrito en 300a | Libro |
| Tema principal | Economía |
| Edición | 1 |
| Parte restante de la signatura top. | P462e |
| Sistema de clasificación | DEWEY |
| Clasificación | 333.8213 |
| Fecha de último préstamo | Total préstamos | Total Renewals | Signatura topográfica | Código de barras | Última vez visto | Ejemplar | Costo de reposición | Price effective from | Tipo de ítem | Perdido | Sistema de clasificación | Dañado | No prestable | Tipo de ítem específico | Suprimido | Ubicación habitual | Ubicación actual | Localización | Fecha de creación | Proveedor | Forma de adquisición | Costo |
|---|---|---|---|---|---|---|---|---|---|---|---|---|---|---|---|---|---|---|---|---|---|---|
| 25/07/2019 | 6 | 3 | 333.8213 P462e | 100133804 | 04/12/2025 | Ej.1 | 26000.00 | 02/04/2013 | Libro | DEWEY | Libro | Claustro | Claustro | Mezanine | 02/04/2013 | 12 | Donación | 26000.00 |